| 000 | 00909nam a2200253 a 4500 | ||
|---|---|---|---|
| 001 | BRL_291 | ||
| 005 | 20190320210655.0 | ||
| 008 | 220713m19261927u--ob#####---#000-0#eng-# | ||
| 041 | _aeng | ||
| 044 | _au | ||
| 050 | 4 |
_aF1219 _b.T75 1926 |
|
| 245 | 1 | 0 |
_aTribes and Temples _ba Record of the Expedition to Middle America Conducted _cby The Tulane University of Louisiana in 1925. |
| 260 |
_aNueva Orleans, Luisiana _bThe Tulane University of Louisiana _c1926-1927 |
||
| 300 |
_a2 v. _bil. (algunas a color), mapas, 4 hojas plegables _c27 cm. |
||
| 500 | _av.1. Au2110. v.2. Au2109 | ||
| 504 | _aIncluye referencias bibliográficas e índice | ||
| 650 | 1 | 4 |
_aMayas _xAntigüedades _99555 |
| 650 | 1 | 4 |
_aIndígenas de México _94678 |
| 650 | 1 | 4 |
_aEtnología _zMéxico _923472 |
| 651 | 4 |
_aMéxico _xAntigüedades _92765 |
|
| 710 | 2 |
_aThe Tulane University of Louisiana _923473 |
|
| 902 | _aGRL | ||
| 942 |
_2lcc _cB |
||
| 999 |
_c9104 _d9104 |
||